000 00296 a2200109 4500
001 63334
082 _a025.0028522LAK
090 _c37377
_d37377
100 _alakshmi,V
245 _aDigital Libraries: issues of digital library environment (03 vol Set)
260 _bIsha Book
_c2004
_aDelhi
942 _aNUST-CAE
_k025.0028522LAK
999 _c298407
_d298407